000 00275nam a2200109Ia 4500
008 201216s9999 xx 000 0 und d
100 _aStuart-Kotze, Robin
245 0 _aSuccess guide to managerial achievement
260 _aRoston
_bPrentice Hall
300 _a192
942 _cBK
999 _c6117
_d6117